[Event "SLO-chT"]
[Site "Bled"]
[Date "2005.11.04"]
[Round "2"]
[White "Acimovic, Dejan"]
[Black "Treursic, Goran"]
[Result "1-0"]
[WhiteElo "1874"]
[BlackElo "1968"]
[PlyCount "73"]
[EventDate "2005.11.03"]
[EventType "team"]
[EventRounds "9"]
[EventCountry "SLO"]
[SourceTitle "CBM 109 Extra"]
[Source "ChessBase"]
[SourceDate "2006.01.03"]
[SourceVersion "2"]
[SourceVersionDate "2006.01.03"]
[SourceQuality "1"]

1. e4 c6 2. d4 d5 3. e5 Bf5 4. Ne2 e6 5. Ng3 Bg6 6. h4 h6 7. h5 Bh7 8. Bd3 Bxd3 9. cxd3 Bb4+ 10. Nc3 Nd7 11. Qg4 Bf8 12. 0-0 a6 13. f4 Ne7 14. f5 exf5 15. Nxf5 Nxf5 16. Qxf5 Qe7 17. Ne2 0-0-0 18. Qxf7 Re8 19. Bd2 Qxf7 20. Rxf7 Rg8 21. Nf4 Re7 22. Rf5 Re8 23. Rc1 Kb8 24. Ng6 Kc8 25. Rcf1 Be7 26. Rf7 Kd8 27. e6 Bf6 28. Rxd7+ Kc8 29. Rxf6 gxf6 30. Ne7+ Rxe7 31. Rxe7 Rg4 32. Ba5 Rg8 33. Bb6 f5 34. Rc7+ Kb8 35. Rf7 Kc8 36. Rxf5 Re8 37. Rf6 1-0

[Event "SLO-chT"]
[Site "Bled"]
[Date "2005.11.03"]
[Round "1"]
[White "Brcar, Andrej"]
[Black "Acimovic, Dejan"]
[Result "0-1"]
[WhiteElo "2094"]
[BlackElo "1874"]
[PlyCount "60"]
[EventDate "2005.11.03"]
[EventType "team"]
[EventRounds "9"]
[EventCountry "SLO"]
[SourceTitle "CBM 109 Extra"]
[Source "ChessBase"]
[SourceDate "2006.01.03"]
[SourceVersion "2"]
[SourceVersionDate "2006.01.03"]
[SourceQuality "1"]

1. e4 e6 2. d4 d5 3. Nd2 Nc6 4. c3 dxe4 5. Nxe4 Qd5 6. Ng3 e5 7. Qe2 Be6 8. dxe5 0-0-0 9. f4 Nge7 10. Bd2 h5 11. c4 Qd7 12. Nf3 Nf5 13. Nxf5 Bxf5 14. a3 Bc5 15. Be3 Nd4 16. Nxd4 Bxd4 17. h3 f6 18. Rd1 fxe5 19. fxe5 c5 20. Bxd4 cxd4 21. g3 Rhe8 22. Kf2 Qc7 23. Qxh5 Qxe5 24. Qg5 d3 25. Rh2 Qd4+ 26. Kf3 Be4+ 27. Kg4 Bc6+ 28. Qf4 Re4 29. Rxd3 Rxf4+ 30. gxf4 Qg1+ 0-1